Noms des champions du monde d'échecs - Statistiques

Statistiques générales
  • Ce quiz a été pris 43 fois
  • Le résultat moyen est 8 sur 15
Statistiques - réponses
Année(s) Noms Nationalités % Correct
2013-2023 Magnus CARLSEN Norvège
100%
1985-2000 Garry KASPAROV URSS (Azerbaïdjan)
91%
1972 Bobby FISCHER Etas-Unis
76%
2024 Dommaraju GUKESH Inde
76%
1975-1985 Anatoly KARPOV URSS (Russie)
74%
2023 Ding LIREN Chine
65%
2007-2013 Viswanathan ANAND Inde
62%
1969 Boris SPASSKY URSS (Russie)
56%
2000-2007 Vladimir KRAMNIK Russie
56%
1960 Mikhaïl TAL URSS (Lettonie)
47%
1948-1957 Mikhaïl BOTVINNIK URSS (Russie)
26%
1958 Mikhaïl BOTVINNIK URSS (Russie)
26%
1961 Mikhaïl BOTVINNIK URSS (Russie)
26%
1963-1968 Tigran PETROSSIAN URSS (Géorgie)
26%
1957 Vassily SMYSLOV URSS (Russie)
21%
Aucun quiz correspondant
Distribution des résultats
% des personnes avec chaque résultat
Percentile par nombre de réponses
Votre historique - résultats
Vous n’avez pas pris ce quiz